Statistics for Countries that declared war on Japan in WW2

Click here to take the quiz!

General Stats

  • This quiz has been taken 156 times
  • The average score is 30 of 43

Answer Stats

RegionCountries% Correct
North & Central AmericaUnited States
100%
EuropeUnited Kingdom
99%
OceaniaAustralia
96%
OceaniaNew Zealand
93%
EuropeFrance
93%
North & Central AmericaMexico
93%
North & Central AmericaCanada
92%
South AmericaBrazil
90%
AsiaChina
89%
South AmericaArgentina
85%
EuropeNetherlands
81%
South AmericaChile
80%
EuropeSoviet Union
79%
South AmericaPeru
78%
AfricaSouth Africa
77%
South AmericaVenezuela
76%
North & Central AmericaPanama
76%
EuropeBelgium
75%
EuropePoland
74%
North & Central AmericaEl Salvador
73%
North & Central AmericaHonduras
73%
North & Central AmericaGuatemala
71%
North & Central AmericaCosta Rica
71%
South AmericaBolivia
70%
North & Central AmericaNicaragua
70%
South AmericaParaguay
68%
South AmericaUruguay
68%
South AmericaEcuador
67%
EuropeItaly
66%
EuropeNorway
64%
AfricaEgypt
62%
North & Central AmericaHaiti
58%
North & Central AmericaDominican Republic
56%
AsiaTurkey
53%
AfricaEthiopia
52%
AsiaIraq
52%
AsiaMongolia
47%
AsiaPhilippines
40%
AfricaLiberia
39%
EuropeCzechoslovakia
33%
AsiaSaudi Arabia
32%
AsiaSyria
25%
AsiaLebanon
18%

Score Distribution

Percentile by Number Answered

Percent of People with Each Score

Your Score History

You have not taken this quiz